Letteratura e poesia dell'antico Egitto : cultura e società attraverso i testi /
محفوظ في:
مؤلفون آخرون:
التنسيق: كتاب
اللغة: Italian
منشور في:
Torino :
Einaudi,
2007.
سلاسل:
Einaudi tascabili. Biblioteca ; 36.
الموضوعات:
الوسوم: إضافة وسم
لا توجد وسوم, كن أول من يضع وسما على هذه التسجيلة!
رقم الطلب: PJ1943 .B75 2007
| LEADER | 00788nam a22002297a 4500 | ||
|---|---|---|---|
| 003 | OSt | ||
| 005 | 20251027105713.0 | ||
| 008 | 251027t2007 it a 001 0 ita d | ||
| 020 | |a 9788806190781 | ||
| 040 | |c ARCE Library | ||
| 050 | 1 | 4 | |a PJ1943 |b .B75 2007 |
| 245 | 0 | 0 | |a Letteratura e poesia dell'antico Egitto : |b cultura e società attraverso i testi / |c [a cura di] Edda Bresciani. |
| 264 | 1 | |a Torino : |b Einaudi, |c 2007. | |
| 300 | |a 1 vol. (XXI-1021 p.) : |b couv. ill. en coul. ; |c 20 cm. | ||
| 490 | 0 | |a Einaudi tascabili. Biblioteca ; 36. | |
| 500 | |a Includes index. | ||
| 650 | 0 | |a Egyptian literature -- Translations into Italian. | |
| 650 | 0 | |a Egyptian poetry -- Translations into Italian. | |
| 700 | 1 | |a Bresciani, Edda. | |
| 901 | |a reviewed | ||
| 942 | |2 lcc |c BK | ||
| 999 | |c 50376 |d 50376 | ||
